| 000 | 00909nam a2200217 a 4500 | ||
|---|---|---|---|
| 003 | 0 | ||
| 005 | 20250310150036.0 | ||
| 008 | 080827s19uu xx 00 eng d | ||
| 050 |
_aPGS QR 82.A457 _b.Oc15 2008 |
||
| 100 | _aOcampo, Jewel Joy P. | ||
| 245 |
_aThe effect of different methods of extraction of Gliricidia sepium leaf extract against the growth of Microsporum canis / _cOcampo, Jewel Joy P. |
||
| 260 |
_aLas PiƱas City, Philippines : _bSouthville International School and Colleges, _c2008. |
||
| 300 |
_a43 pages : _billustrations ; _c28 cm. |
||
| 504 | _aIncludes bibliographical references. | ||
| 650 |
_aGliricidia sepium _vAntifungal properties. |
||
| 650 |
_aPlant extracts _vExtraction methods. |
||
| 650 |
_aMicrosporum canis _vDrug effects. |
||
| 650 |
_aMicrobial sensitivity tests _vFungi. |
||
| 650 |
_aHerbal medicine _vPharmacological aspects. |
||
| 942 |
_2lcc _cPASS |
||
| 999 |
_c98032 _d98032 |
||